|
|
|
|
| LEADER |
00000nam0a2200000 4500 |
| 001 |
285793 |
| 005 |
20231101235829.0 |
| 020 |
|
|
|a RU
|b 85-36276
|
| 035 |
|
|
|a (RuTPU)RU\TPU\book\310069
|
| 090 |
|
|
|a 285793
|
| 100 |
|
|
|a 20150227d1985 k y0rusy5003 ca
|
| 101 |
0 |
|
|a rus
|
| 102 |
|
|
|a BY
|
| 105 |
|
|
|a a z 001zy
|
| 200 |
1 |
|
|a Основы автоматизации проектирования технологических приспособлений
|f А. Г. Ракович
|g Академия наук Белорусской ССР (АН БССР), Институт технической кибернетики (ИТК) ; под ред. Е. А. Стародетко
|
| 210 |
|
|
|a Минск
|c Наука и техника
|d 1985
|
| 215 |
|
|
|a 285 с.
|c ил.
|
| 225 |
1 |
|
|a Наука и технический прогресс
|
| 320 |
|
|
|a Библиогр.: с. 277-282
|
| 606 |
1 |
|
|a Металлорежущие станки
|x Оснастка технологическая
|x Информационно-поисковые системы
|2 stltpush
|3 (RuTPU)RU\TPU\subj\42635
|9 62294
|
| 610 |
1 |
|
|a машиностроительные заводы
|
| 610 |
1 |
|
|a технологические приспособления
|
| 610 |
1 |
|
|a автоматизация
|
| 610 |
1 |
|
|a проектирование
|
| 610 |
1 |
|
|a информационное моделирование
|
| 610 |
1 |
|
|a оптимизация
|
| 610 |
1 |
|
|a документирование
|
| 610 |
1 |
|
|a технологическая подготовка
|
| 610 |
1 |
|
|a металлорежущие станки с ЧПУ
|
| 675 |
|
|
|a 621.9.06-229
|v 3
|
| 700 |
|
1 |
|a Ракович
|b А. Г.
|g Александр Гаврилович
|
| 702 |
|
1 |
|a Стародетко
|b Е. А.
|4 340
|
| 712 |
0 |
2 |
|a Академия наук Белорусской ССР (АН БССР)
|b Институт технической кибернетики (ИТК)
|c (Минск)
|2 stltpush
|3 (RuTPU)RU\TPU\col\443
|
| 801 |
|
0 |
|a RU
|b RuMRKP
|c 19950704
|g psbo
|
| 801 |
|
1 |
|a RU
|b 63413507
|c 20150227
|
| 801 |
|
2 |
|a RU
|b 63413507
|c 20171214
|g RCR
|
| 942 |
|
|
|c BK
|